000 nam a22 7a 4500
999 _c4931
_d235435
020 _a9789870331575
080 _a347.44 C 627
245 _aContratos
_ben el Código Civil y Comercial de la Nación
250 _a2ª Reimp.
260 _aCiudad Autónoma de Buenos Aires
_bLa Ley
_c2018
300 _a1120 P.
_c24 X 17 Cm.
650 _xcontratos
700 _aArias, Maria Paula
_eCulasso, Maria Florencia
_eFrustragli, Sandra A.
_eHernandez, Carlos A.
_eNicolau, Noemi L.
_eTabares, Julieta
_eTrivisonno, Julieta
945 _acd
_d2019-05-03
942 _6_